Tous les champions de WildRift - Statistiques

Statistiques générales
  • Ce quiz a été pris 54 fois
    45 depuis la dernière actualisation
  • Le résultat moyen est 66 sur 103
Statistiques - réponses
Champions % Correct
TOP Garen
100%
SUP/MID Lux
93%
ADC Tristana
93%
SUP Alistar
86%
TOP Darius
86%
ADC Miss Fortune
86%
MID/SUP Morgana
86%
SUP Nami
86%
SUP/MID Seraphine
86%
MID Yasuo
86%
MID Ahri
79%
MID Akali
79%
MID Akshan
79%
MID Aurelion Sol
79%
ADC Jinx
79%
SUP Nautilus
79%
TOP Teemo
79%
ADC/TOP Vayne
79%
SUP Yuumi
79%
MID Zed
79%
MID Zoe
79%
SUP Blitzcrank
71%
ADC Caitlyn
71%
TOP Fiora
71%
TOP/MID Irelia
71%
TOP/MID Jayce
71%
ADC Jhin
71%
MID Katarina
71%
TOP/MID Kayle
71%
JGL Kayn
71%
SUP Leona
71%
ADC Lucian
71%
SUP Lulu
71%
ADC Samira
71%
TOP Sett
71%
SUP Soraka
71%
ADC/JGL Twitch
71%
ADC Varus
71%
MID vex
71%
JGL Vi
71%
JGL Warwick
71%
MID Yone
71%
TOP Aatrox
64%
JGL Amumu
64%
ADC Ashe
64%
SUP Braum
64%
TOP Camille
64%
MID Ekko
64%
MID Fizz
64%
JGL/TOP Jarvan
64%
ADC Kaisa
64%
JGL Kha'Zix
64%
TOP Ornn
64%
SUP Rakan
64%
TOP Renekton
64%
ADC/SUP Senna
64%
SUP Thresh
64%
JGL/TOP Tryndamere
64%
MID Twisted Fate
64%
TOP Urgot
64%
MID Veigar
64%
JGL/TOP Volibear
64%
ADC Xayah
64%
JGL Xin Zhao
64%
ADC Zeri
64%
MID Ziggs
64%
MID Brand
57%
JGL/TOP Dr.Mundo
57%
MID/SUP Galio
57%
TOP/MID Gragas
57%
JGL/TOP Graves
57%
SUP/MID Karma
57%
JGL Lillia
57%
JGL Maitre Yi
57%
TOP/SUP Malphite
57%
MID Orianna
57%
JGL/TOP Panthéon
57%
SUP Pyke
57%
TOP Riven
57%
SUP Sona
57%
MID Corki
50%
MID Diana
50%
ADC Draven
50%
SUP Janna
50%
TOP Kennen
50%
JGL Lee Sin
50%
TOP Nasus
50%
JGL Nunu & Willump
50%
TOP/JGL Shen
50%
JGL Shyvana
50%
TOP Singed
50%
JDL Evelynn
43%
ADC Ezreal
43%
TOP/JGL Gwen
43%
TOP Jax
43%
JGL Rengar
43%
TOP Sion
43%
TOP/JGL Wukong
43%
MID Annie
36%
MID Kassadin
36%
JGL Rammus
36%
MID/SUP swain
21%
JGL/TOP Olaf
14%
Aucun quiz correspondant
Distribution des résultats
% des personnes avec chaque résultat
Percentile par nombre de réponses
Votre historique - résultats
Vous n’avez pas pris ce quiz depuis la dernière actualisation